000 00568nam a2200121Ia 4500
008 220620s9999||||xx |||||||||||||| ||und||
245 0 _aRethinking the Andes–Amazonia Divide
_bA cross-disciplinary exploration
546 _aEnglish[eng]
650 _aAndes||Amazonia||South America||archaeology||linguistics||anthropology||history||rainforest||geneticists||ethnohistorians||historians
700 _aPearce, Adrian J.||Beresford-Jones, David G.||Heggarty, Paul
856 _uhttps://library.oapen.org/bitstream/20.500.12657/51777/1/9781787357358.pdf
942 _cEB
999 _c29404
_d29404